| 000 | 00417nam a22001577a 4500 | ||
|---|---|---|---|
| 005 | 20250911115123.0 | ||
| 008 | 250910b |||||||| |||| 00| 0 eng d | ||
| 041 | _aeng | ||
| 082 | _a342.54 ROY-H | ||
| 100 |
_aROY, PANDEY R.N _98682 |
||
| 245 | _aHANDBOOK OF SANTHAL PARGANAS TENANCY LOWS WITH RULES | ||
| 260 |
_aPRAYAGRAJ _bRAJPAL AND COMPANY |
||
| 300 | _a352;P | ||
| 650 |
_aLEGAL STUDIES _98608 |
||
| 942 | _cBK | ||
| 999 |
_c8813 _d8811 |
||